[Event "Kieler Open 2019-A"]
[Site "Kiel"]
[Date "2019.07.28"]
[Round "4.23"]
[White "Schramm, Daniel"]
[Black "Meyer, Henrik"]
[Result "0-1"]
[WhiteElo "1837"]
[BlackElo "2007"]
[Annotator "JG"]
[PlyCount "66"]
[EventDate "2019.??.??"]
[WhiteTeam "Kieler SG"]
[BlackTeam "TuRa Harksheide"]

1. c4 Nf6 2. g3 e6
3. Bg2 d5 4. Nf3 Be7 5. b3 O-O 6. O-O b6 7. d3 c5 8. e3 Bb7 9. Nbd2 Qc7 10. Qe2
Nc6 11. h3 Rad8 12. Kh1 Rfe8 13. Ng1 e5 14. a3 Bf8 15. h4 e4 16. cxd5 exd3 17.
Qxd3 Nxd5 18. Qc2 Nxe3 19. fxe3 Qxg3 20. Ndf3 Ba6 21. Ne2 Qg4 22. Rd1 Ne5 23.
Neg1 Bb7 24. Rxd8 Rxd8 25. Nh2 Bxg2+ 26. Qxg2 Qxh4 27. Bb2 Nd3 28. Ngf3 Qe4 29.
Ng4 Qxg4 30. Be5 Nxe5 31. Nxe5 Qh5+ 32. Qh2 Qxh2+ 33. Kxh2 Bd6 0-1

[Event "Kieler Open 2019-A"]
[Site "Kiel"]
[Date "2019.07.28"]
[Round "4.24"]
[White "Kollhoff, Josef"]
[Black "Großelohmann, Gerhard"]
[Result "1/2-1/2"]
[WhiteElo "1833"]
[BlackElo "1999"]
[Annotator "JG"]
[PlyCount "49"]
[EventDate "2019.??.??"]
[WhiteTeam "Kieler SG"]
[BlackTeam "Königsspr Braunschweig"]

1. d4 Nf6 2. c4 c5 3. d5 b5 4. cxb5 a6 5. e3 d6 6. Nc3 g6 7. a4
axb5 8. Bxb5+ Bd7 9. Nge2 Bg7 10. O-O Na6 11. Bxd7+ Qxd7 12. Nb5 O-O 13. Nec3
Rfb8 14. Re1 Nc7 15. Ra3 Na6 16. e4 Nb4 17. h3 Ne8 18. Bf4 c4 19. Be3 Nd3 20.
Re2 Nc7 21. Bc1 Na6 22. b3 Nxc1 23. Qxc1 cxb3 24. Rxb3 Nc5 25. Ra3 1/2-1/2

[Event "Kieler Open 2019-A"]
[Site "Kiel"]
[Date "2019.07.28"]
[Round "4.25"]
[White "Rosenburg, Thies"]
[Black "Probst, Alexander"]
[Result "1/2-1/2"]
[WhiteElo "1778"]
[BlackElo "1969"]
[Annotator "JG"]
[PlyCount "52"]
[EventDate "2019.??.??"]
[WhiteTeam "SF Burg von 1966"]
[BlackTeam "SC Blauer Turm Bad Wimpfen"]

1. c4 Nf6 2. Nc3 e6 3. d4 Bb4 4. Qc2 c5
5. Nf3 d5 6. cxd5 O-O 7. Bg5 Qxd5 8. Bxf6 gxf6 9. e3 Nc6 10. dxc5 Qxc5 11. Bd3
f5 12. O-O b6 13. Rac1 Bb7 14. Qa4 Qa5 15. Qxa5 Nxa5 16. Ne2 Rfd8 17. Rfd1 Rac8
18. a3 Be7 19. Ned4 Bd5 20. Ba6 Rxc1 21. Rxc1 Bf6 22. b4 Nb3 23. Nxb3 Bxb3 24.
Be2 Rd7 25. Kf1 Bd5 26. Bb5 Rb7 1/2-1/2

[Event "Kieler Open 2019-A"]
[Site "Kiel"]
[Date "2019.07.28"]
[Round "4.26"]
[White "Sallandt, Frido"]
[Black "Rosenburg, Hauke"]
[Result "1/2-1/2"]
[WhiteElo "1680"]
[BlackElo "1925"]
[Annotator "JG"]
[PlyCount "46"]
[EventDate "2019.??.??"]
[WhiteTeam "SV Bad Schwartau"]
[BlackTeam "SF Burg von 1966"]

1.
e4 c6 2. d4 d5 3. exd5 cxd5 4. Bd3 Nf6 5. c3 Bg4 6. Qc2 Bh5 7. Bf4 Nc6 8. Nd2
e6 9. Qb3 Qc8 10. Ngf3 Bg6 11. Bxg6 hxg6 12. h3 Be7 13. O-O O-O 14. Rfe1 Rd8
15. Ne5 Nxe5 16. Bxe5 Qd7 17. Nf3 Rac8 18. Bh2 b6 19. Ne5 Qb7 20. a4 Bd6 21.
Re2 Nd7 22. f4 Nf6 23. g4 Bxe5 1/2-1/2

[Event "Kieler Open 2019-A"]
[Site "Kiel"]
[Date "2019.07.28"]
[Round "4.27"]
[White "Bernhardt, Gerd"]
[Black "Rouditser, Benjamin"]
[Result "0-1"]
[WhiteElo "2005"]
[BlackElo "1815"]
[Annotator "JG"]
[PlyCount "92"]
[EventDate "2019.??.??"]
[WhiteTeam "Eckernförder SC"]
[BlackTeam "Lasker Steglitz"]

1. e4 c6 2. d4 d5 3. e5 Bf5 4. g4 Be4 5. f3 Bg6 6. Ne2 e6 7.
h4 h5 8. Nf4 Bh7 9. Nxh5 Bg6 10. Nf4 Rxh4 11. Rg1 Bh7 12. Be3 Qb6 13. Qc1 c5
14. Bf2 Rh2 15. Na3 cxd4 16. Nb5 Bc5 17. Nd6+ Kf8 18. Nd3 Bxd3 19. Bxd3 Bxd6
20. exd6 Qxd6 21. Bg3 Qb4+ 22. Kd1 Rh8 23. Qf4 Nc6 24. Qc7 Nge7 25. Ke2 Rc8 26.
Qf4 e5 27. Qc1 g6 28. Qg5 Qd6 29. Rh1 Kg7 30. a3 f6 31. Qd2 Qe6 32. Kf2 e4 33.
Qe2 Ne5 34. Bxe5 exd3 35. Bxf6+ Kxf6 36. g5+ Kf7 37. Qxd3 Rxh1 38. Rxh1 Qe3+
39. Qxe3 dxe3+ 40. Kxe3 Rxc2 41. Rb1 Ke6 42. Kd3 Rg2 43. f4 Rg3+ 44. Kd4 Rf3
45. Re1+ Kd6 46. Rh1 Nc6# 0-1

[Event "Kieler Open 2019-A"]
[Site "Kiel"]
[Date "2019.07.28"]
[Round "4.28"]
[White "Friedel, Marcus"]
[Black "Srimathi Raajesh"]
[Result "1/2-1/2"]
[WhiteElo "2162"]
[BlackElo "1832"]
[Annotator "JG"]
[PlyCount "40"]
[EventDate "2019.??.??"]
[WhiteTeam "SK 1926 Ettlingen"]

1. c4 Nf6 2. g3
e6 3. Bg2 d5 4. Nf3 Bd6 5. O-O O-O 6. b3 Nbd7 7. Bb2 c6 8. d3 Qe7 9. Nc3 a6 10.
e4 dxe4 11. dxe4 e5 12. Qe2 Rd8 13. Nh4 g6 14. Rad1 Nf8 15. h3 b5 16. Nf3 Bb7
17. Bc1 Ne6 18. Be3 Bc7 19. Qc2 b4 20. Ne2 c5 1/2-1/2

[Event "Kieler Open 2019-A"]
[Site "Kiel"]
[Date "2019.07.28"]
[Round "4.29"]
[White "Bräutigam, Katerina"]
[Black "Jurkic, Bosiljko"]
[Result "0-1"]
[WhiteElo "1837"]
[BlackElo "2046"]
[Annotator "JG"]
[PlyCount "72"]
[EventDate "2019.??.??"]
[WhiteTeam "SV VHS Rendsburg"]
[BlackTeam "SC Blauer Turm Bad Wimpfen"]

1. c4 Nf6 2. g3 e6 3. Nc3 d5 4. d4
Be7 5. Bg2 O-O 6. Nf3 c6 7. O-O Nbd7 8. b3 b6 9. Bb2 Bb7 10. Rc1 c5 11. e3 dxc4
12. bxc4 cxd4 13. exd4 Rc8 14. Ne2 Be4 15. Nf4 Rc7 16. Re1 Bb4 17. Nd2 Bxg2 18.
Nxg2 Qc8 19. Ne3 Qa8 20. a3 Bxd2 21. Qxd2 Ne4 22. Qe2 Ndf6 23. Rc2 b5 24. f3
Nd6 25. cxb5 Rxc2 26. Nxc2 Qd5 27. a4 Qb3 28. Ba3 Rc8 29. Rc1 Rxc2 30. Qxc2
Qxa3 31. Qc5 Qe3+ 32. Kg2 h6 33. Rf1 Nf5 34. Qxa7 Qe2+ 35. Kg1 Ne3 36. Qa8+ Kh7
0-1

[Event "Kieler Open 2019-A"]
[Site "Kiel"]
[Date "2019.07.28"]
[Round "4.30"]
[White "Priemer, Siegfried"]
[Black "Barten, Ralf"]
[Result "0-1"]
[WhiteElo "1833"]
[BlackElo "2035"]
[Annotator "JG"]
[PlyCount "100"]
[EventDate "2019.??.??"]
[WhiteTeam "SC Agon Neumünster"]
[BlackTeam "SW Remscheid"]

1. d4 Nf6 2. c4 g6 3. Nc3 d5 4. cxd5 Nxd5 5. e4 Nxc3 6.
bxc3 Bg7 7. Be3 O-O 8. Nf3 c5 9. Be2 Nc6 10. Qd2 Qa5 11. Rd1 Rd8 12. O-O Bg4
13. Qb2 Bxf3 14. Bxf3 Rac8 15. Rd2 b5 16. a3 cxd4 17. cxd4 Qa4 18. Bd1 Qa5 19.
Be2 a6 20. Rfd1 Qa4 21. f4 Na5 22. e5 e6 23. d5 exd5 24. Rxd5 Rxd5 25. Rxd5 Nc4
26. Bxc4 Qxc4 27. Qd2 Bf8 28. Rd8 Rxd8 29. Qxd8 Qc3 30. Kf2 Qxa3 31. Bb6 Qe7
32. Qb8 Kg7 33. Bc7 Qc5+ 34. Ke2 Qc4+ 35. Kd1 Qd3+ 36. Ke1 Bb4+ 37. Kf2 Bc5+
38. Ke1 Qe3+ 39. Kd1 Qg1+ 40. Kc2 Qxg2+ 41. Kd3 Qf3+ 42. Kc2 Qe2+ 43. Kb3 Qd3+
44. Kb2 Bd4+ 45. Kc1 Bc3 46. Qd8 Qxd8 47. Bxd8 Kf8 48. Kc2 Bb4 49. Bb6 Ke7 50.
Kb3 Bd2 0-1

[Event "Kieler Open 2019-A"]
[Site "Kiel"]
[Date "2019.07.28"]
[Round "4.31"]
[White "Wendler, Werner"]
[Black "Koch, Ralf-Johannes"]
[Result "1-0"]
[WhiteElo "1954"]
[BlackElo "1724"]
[Annotator "JG"]
[PlyCount "69"]
[EventDate "2019.??.??"]
[WhiteTeam "SK Bebenhausen"]
[BlackTeam "Eckernförder SC"]

1. d4 Nf6 2. g3 c5 3. d5 d6 4. Bg2 g6 5. Nf3 Bg7 6. O-O
O-O 7. Nc3 Bd7 8. a4 b6 9. Nd2 Na6 10. e4 Rb8 11. Nc4 Nc7 12. Re1 a6 13. e5
Nfe8 14. exd6 exd6 15. Bf4 g5 16. Bc1 b5 17. axb5 axb5 18. Ne3 f5 19. f4 gxf4
20. gxf4 Qh4 21. Ne2 Nf6 22. Ng3 Ng4 23. Nxg4 fxg4 24. Ra7 Rbc8 25. c3 Bh6 26.
Re4 Qd8 27. f5 Bxc1 28. Qxc1 Qh4 29. Qd1 h5 30. Rf4 Qg5 31. Qf1 Be8 32. Ne4 Qd8
33. f6 Bf7 34. Ng5 c4 35. Qb1 1-0

[Event "Kieler Open 2019-A"]
[Site "Kiel"]
[Date "2019.07.28"]
[Round "4.32"]
[White "Röhr, Oliver"]
[Black "Marcussen, Claus"]
[Result "1-0"]
[WhiteElo "1948"]
[BlackElo "1712"]
[Annotator "JG"]
[PlyCount "37"]
[EventDate "2019.??.??"]
[WhiteTeam "SG Aufbau Elbe Magdeburg"]

1. e4 d5 2. exd5
Qxd5 3. Nc3 Qd8 4. Nf3 g6 5. Bc4 Nh6 6. O-O Bg7 7. d4 O-O 8. Bf4 Nf5 9. Be5 Bh6
10. Ne2 Nd7 11. Bf4 Bg7 12. Ng3 Nxg3 13. Bxg3 c5 14. c3 cxd4 15. Nxd4 Nb6 16.
Bb3 Re8 17. Nb5 e5 18. Nd6 Re7 19. Bh4 1-0

[Event "Kieler Open 2019-A"]
[Site "Kiel"]
[Date "2019.07.28"]
[Round "4.33"]
[White "Glinzner, Alva"]
[Black "Röhr, Susanne"]
[Result "1-0"]
[WhiteElo "1941"]
[BlackElo "1677"]
[Annotator "JG"]
[PlyCount "81"]
[EventDate "2019.??.??"]
[WhiteTeam "Lübecker SV"]
[BlackTeam "Potsdamer SV Mitte"]

1.
e4 c5 2. d3 e6 3. f4 Nc6 4. Nf3 g6 5. Be2 Bg7 6. c3 Nge7 7. O-O Qc7 8. Na3 a6
9. Nc2 b5 10. Qe1 Bb7 11. Be3 d6 12. Qf2 f6 13. e5 fxe5 14. fxe5 O-O 15. exd6
Qxd6 16. Bxc5 Qd7 17. Qe1 e5 18. Ng5 Rxf1+ 19. Bxf1 Qd5 20. Ne4 Nf5 21. Ne3
Nxe3 22. Qxe3 Qd7 23. Be2 Ne7 24. Qg5 Nf5 25. Bf2 Qf7 26. Bf3 Rf8 27. Qd2 Bh6
28. Qe2 Rd8 29. Re1 Bg7 30. Ng5 Qe7 31. Bxb7 Qxb7 32. Ne6 Re8 33. Nc5 Qc6 34.
a4 Rb8 35. axb5 Rxb5 36. Ne4 Qb7 37. b4 Rd5 38. Nc5 Qc6 39. Ra1 Rd6 40. Qa2+
Kh8 41. Qxa6 1-0

[Event "Kieler Open 2019-A"]
[Site "Kiel"]
[Date "2019.07.28"]
[Round "4.34"]
[White "Schmidt, Peter"]
[Black "Tran, Minh Dat"]
[Result "1-0"]
[WhiteElo "1881"]
[BlackElo "1559"]
[Annotator "JG"]
[PlyCount "63"]
[EventDate "2019.??.??"]
[WhiteTeam "Kieler SG"]
[BlackTeam "SC Agon Neumünster"]

1. e4 g6 2. d4 Bg7 3. Nc3 c6 4. Be3 d5 5. Qd2 e6 6. Nf3
Ne7 7. Bd3 b6 8. Bh6 O-O 9. h4 dxe4 10. Nxe4 Nf5 11. Bxg7 Kxg7 12. h5 Rh8 13.
hxg6 hxg6 14. O-O-O Bb7 15. g4 Ne7 16. Qg5 Nd5 17. Rxh8 Qxh8 18. Ng3 Kf8 19. c4
Nf6 20. Rh1 Qg7 21. Ne4 Nbd7 22. Ne5 Nxe4 23. Nxd7+ Ke8 24. Bxe4 Kxd7 25. d5
cxd5 26. cxd5 Rc8+ 27. Kb1 f6 28. dxe6+ Kxe6 29. Qe3 Bxe4+ 30. Qxe4+ Kd6 31.
Rd1+ Kc7 32. Rc1+ 1-0

[Event "Kieler Open 2019-A"]
[Site "Kiel"]
[Date "2019.07.28"]
[Round "4.35"]
[White "Rohmann, Volker"]
[Black "Papesch, Dennis"]
[Result "1/2-1/2"]
[WhiteElo "1752"]
[BlackElo "1880"]
[Annotator "JG"]
[PlyCount "50"]
[EventDate "2019.??.??"]
[WhiteTeam "SVG Friedrichsort"]
[BlackTeam "Raisdorfer SG"]

1. d4 d5 2. Nf3 Nf6 3. Bf4 e6 4. e3 Nbd7 5. Bd3 c5 6. c3 Be7
7. Nbd2 Nh5 8. Bg3 b6 9. O-O Nxg3 10. hxg3 Bb7 11. e4 cxd4 12. cxd4 dxe4 13.
Bxe4 Bxe4 14. Nxe4 O-O 15. Rc1 Nf6 16. Nc3 Nd5 17. Qb3 Nxc3 18. bxc3 Qd6 19.
Rfd1 Rfd8 20. Rd3 Rac8 21. Rcd1 Qd5 22. Ne5 b5 23. Ng4 Qc6 24. Ne5 Qd5 25. Ng4
Qc6 1/2-1/2

[Event "Kieler Open 2019-A"]
[Site "Kiel"]
[Date "2019.07.28"]
[Round "4.36"]
[White "Stegert, Jonas"]
[Black "Quiring, Nikolai"]
[Result "1/2-1/2"]
[WhiteElo "1495"]
[BlackElo "2018"]
[Annotator "JG"]
[PlyCount "31"]
[EventDate "2019.??.??"]
[WhiteTeam "SC Agon Neumünster"]
[BlackTeam "SV VHS Rendsburg"]

1. d4 e6 2. c4 c5 3. Nf3 cxd4 4. Nxd4 Nc6 5. Nc3 Qb6
6. Ndb5 a6 7. Nd6+ Bxd6 8. Qxd6 Qd4 9. Qxd4 Nxd4 10. Kd1 d6 11. Ne4 Ke7 12. b3
Nf6 13. Nxf6 gxf6 14. e3 Nc6 15. Be2 Rg8 16. Bf3 1/2-1/2

[Event "Kieler Open 2019-A"]
[Site "Kiel"]
[Date "2019.07.28"]
[Round "4.37"]
[White "Ortner, Jonas Ruben"]
[Black "Buchholz, Ralf"]
[Result "1-0"]
[WhiteElo "1740"]
[BlackElo "1909"]
[Annotator "JG"]
[PlyCount "55"]
[EventDate "2019.??.??"]
[WhiteTeam "SK Bebenhausen"]
[BlackTeam "Königsspr Braunschweig"]

1. e4 e5 2. Nf3 Nc6 3. Bb5 Nd4 4. Nxd4 exd4 5. O-O c6 6. Bc4 Bc5 7.
Bxf7+ Kxf7 8. Qh5+ g6 9. Qxc5 Qb6 10. Qe5 Nf6 11. d3 Re8 12. Qg3 Qc5 13. Nd2 d6
14. Nc4 Re6 15. f4 Nxe4 16. dxe4 Qxc4 17. f5 gxf5 18. Rxf5+ Rf6 19. Rxf6+ Kxf6
20. Bg5+ Ke6 21. Qg4+ Kf7 22. Qh5+ Kg8 23. Qe8+ Kg7 24. Bf6+ Kxf6 25. Rf1+ Kg5
26. Qe7+ Kg6 27. Rf6+ Kg5 28. Qg7+ 1-0

[Event "Kieler Open 2019-A"]
[Site "Kiel"]
[Date "2019.07.28"]
[Round "4.38"]
[White "Schützhold, Frank"]
[Black "Freiknecht, Axel"]
[Result "1/2-1/2"]
[WhiteElo "1860"]
[BlackElo "1733"]
[Annotator "JG"]
[PlyCount "66"]
[EventDate "2019.??.??"]
[WhiteTeam "SC Naunhof"]
[BlackTeam "Bahn-SC Wuppertal"]

1. b3 d5 2. Bb2 e6 3. e3 Nf6 4. f4 b6 5. Bb5+ c6 6.
Be2 Nbd7 7. Nf3 Be7 8. O-O O-O 9. Ne5 Bb7 10. d3 Rc8 11. Nd2 Nxe5 12. fxe5 Nd7
13. Bg4 c5 14. Nf3 Ba6 15. c4 dxc4 16. dxc4 Bb7 17. Qd3 Qc7 18. e4 Rfd8 19. Qe3
Nf8 20. Rad1 Rxd1 21. Rxd1 Rd8 22. Ne1 h6 23. Rxd8 Qxd8 24. Nd3 Ng6 25. g3 Bg5
26. Qe2 Qa8 27. Bf3 Qb8 28. h4 Bd8 29. Bh5 Nf8 30. Qe3 Qc7 31. Kf2 Bc6 32. Bf3
Be8 33. Qd2 Qd7 1/2-1/2

[Event "Kieler Open 2019-A"]
[Site "Kiel"]
[Date "2019.07.28"]
[Round "4.39"]
[White "Omert, Oliver"]
[Black "Hoppe, Marc"]
[Result "1-0"]
[WhiteElo "1815"]
[BlackElo "1644"]
[Annotator "JG"]
[PlyCount "49"]
[EventDate "2019.??.??"]
[WhiteTeam "SK Bebenhausen"]
[BlackTeam "SF Olfen 1975"]

1. e4 e5 2. Nf3 Nc6 3. Nc3
Bc5 4. Nxe5 Bxf2+ 5. Kxf2 Nxe5 6. d4 Nc6 7. Be3 d6 8. Be2 Qh4+ 9. g3 Qf6+ 10.
Kg2 Bd7 11. Nd5 Qd8 12. Rf1 Nge7 13. Bg5 Nxd5 14. exd5 Qxg5 15. dxc6 Bxc6+ 16.
Bf3 d5 17. Re1+ Kd7 18. Re5 Qf6 19. Rf5 Qe7 20. Bxd5 Raf8 21. Qg4 Bxd5+ 22.
Rxd5+ Kc6 23. Re1 Qxe1 24. Qd7+ Kb6 25. Qb5# 1-0

[Event "Kieler Open 2019-A"]
[Site "Kiel"]
[Date "2019.07.28"]
[Round "4.40"]
[White "Gehlsen, René"]
[Black "Bücker, Timo"]
[Result "1/2-1/2"]
[WhiteElo "1715"]
[BlackElo "1778"]
[Annotator "JG"]
[PlyCount "36"]
[EventDate "2019.??.??"]
[WhiteTeam "SV VHS Heide"]
[BlackTeam "SC Schleispringer Kappeln"]

1. d4 e6 2. Nf3 b6 3. e3 Bb7 4. Nbd2 f5
5. Bd3 Nf6 6. O-O Be7 7. b3 O-O 8. Bb2 Ne4 9. Ne1 Nxd2 10. Qxd2 Qe8 11. Be2 Qg6
12. Bf3 Bxf3 13. Nxf3 d6 14. c4 Nd7 15. Rad1 Nf6 16. Qc2 Ne4 17. Nd2 Nxd2 18.
Rxd2 a5 1/2-1/2

[Event "Kieler Open 2019-A"]
[Site "Kiel"]
[Date "2019.07.28"]
[Round "4.41"]
[White "Salwasser, Christian"]
[Black "Schwerdt, Alwin Elias"]
[Result "1/2-1/2"]
[WhiteElo "1697"]
[BlackElo "1756"]
[Annotator "JG"]
[PlyCount "59"]
[EventDate "2019.??.??"]
[WhiteTeam "SC Rastatt"]
[BlackTeam "SV Bad Schwartau"]

1. e4 e5 2. Nf3 Nc6
3. d4 exd4 4. Bc4 Nf6 5. e5 Ne4 6. c3 d5 7. exd6 Nxd6 8. Bd5 Bd7 9. Nxd4 Nxd4
10. Qxd4 c6 11. Bb3 Nb5 12. Qf4 Qe7+ 13. Be3 Be6 14. Nd2 Bxb3 15. Nxb3 Qd6 16.
Qg4 Qg6 17. Qxg6 hxg6 18. O-O-O b6 19. Bf4 Rc8 20. Rhe1+ Be7 21. c4 Nc7 22. Nd4
c5 23. Bd6 cxd4 24. Rxe7+ Kd8 25. Rxd4 Ne6 26. Re4 Rc6 27. Rxa7 Rh5 28. Bg3 f5
29. Rxe6 Rxe6 30. Rxg7 1/2-1/2

[Event "Kieler Open 2019-A"]
[Site "Kiel"]
[Date "2019.07.28"]
[Round "4.42"]
[White "Samuelson, Bernd"]
[Black "Olde, Henning"]
[Result "1/2-1/2"]
[WhiteElo "1665"]
[BlackElo "1788"]
[Annotator "JG"]
[PlyCount "88"]
[EventDate "2019.??.??"]
[WhiteTeam "VSF Flintbek"]
[BlackTeam "SK Kollmar"]

1. e4
c5 2. Nf3 d6 3. Bb5+ Bd7 4. Bxd7+ Qxd7 5. d4 cxd4 6. Nxd4 Nc6 7. Nc3 Nf6 8. O-O
g6 9. Be3 Bg7 10. h3 O-O 11. Qd2 Rfd8 12. Rad1 Rac8 13. f3 a6 14. Nce2 Ne5 15.
b3 d5 16. exd5 Nxd5 17. Bf2 Qc7 18. c4 Nf6 19. Qb4 e6 20. Rd2 Bh6 21. Rdd1 Nfd7
22. Qa3 Nc5 23. Kh1 Bf8 24. Qb2 Ncd3 25. Qb1 Nxf2+ 26. Rxf2 Bc5 27. Rff1 Rd7
28. f4 Nc6 29. Nxc6 Qxc6 30. Rxd7 Qxd7 31. Rd1 Qc7 32. Qd3 Kf8 33. Qd7 Qxd7 34.
Rxd7 b6 35. g3 Ke8 36. Rd1 Ke7 37. Kg2 Rc6 38. Nc3 Bb4 39. Ne4 f5 40. Ng5 h6
41. Nf3 Bc3 42. Rd3 Bb2 43. Rd2 Bc3 44. Rd3 Bb2 1/2-1/2

[Event "Kieler Open 2019-A"]
[Site "Kiel"]
[Date "2019.07.28"]
[Round "4.43"]
[White "Rommeck, Christiane"]
[Black "Wenske, Hardy"]
[Result "1/2-1/2"]
[WhiteElo "1567"]
[BlackElo "1749"]
[Annotator "JG"]
[PlyCount "80"]
[EventDate "2019.??.??"]
[WhiteTeam "VSF Flintbek"]
[BlackTeam "Kieler SG"]

1. e4 d5 2. exd5 Qxd5 3. Nc3 Qd8 4. Nf3 Nf6
5. d4 Bf5 6. Be3 a6 7. Bd3 Bg4 8. h3 Bh5 9. O-O e6 10. Ne4 Nbd7 11. c3 Be7 12.
Ng3 Bg6 13. Re1 Nh5 14. Nxh5 Bxh5 15. Be2 c6 16. Qb3 Qc7 17. Rad1 O-O 18. Qc2
Bg6 19. Bd3 Bxd3 20. Rxd3 Bf6 21. Bg5 Bxg5 22. Nxg5 Qa5 23. Rg3 Nf6 24. b3 h6
25. Re5 Qc7 26. Ne4 Nxe4 27. Qxe4 Rae8 28. Rh5 f5 29. Qh4 Kh7 30. Qg5 Rf6 31.
Rh4 Qf7 32. Qd2 Rg6 33. Rxg6 Qxg6 34. Qe2 Qg5 35. Rh5 Qc1+ 36. Kh2 g6 37. Rh4
g5 38. Qh5 gxh4 39. Qxe8 Qf4+ 40. Kg1 Qc1+ 1/2-1/2

[Event "Kieler Open 2019-A"]
[Site "Kiel"]
[Date "2019.07.28"]
[Round "4.44"]
[White "Günther, Emil"]
[Black "Inani, Darpan"]
[Result "0-1"]
[WhiteElo "1743"]
[BlackElo "1956"]
[Annotator "JG"]
[PlyCount "148"]
[EventDate "2019.??.??"]
[WhiteTeam "SK Doppelbauer Kiel"]

1. c4 c5 2. Nc3 Nc6 3. g3 g6 4. Bg2 Bg7 5. Nf3 d6 6. O-O e5 7. d3 Nge7 8. a3 a5 9.
Rb1 O-O 10. e3 h6 11. Ne1 Be6 12. Nd5 Rb8 13. Qa4 Kh7 14. Bd2 b5 15. cxb5 Bxd5
16. Bxd5 Nxd5 17. bxc6 Ra8 18. e4 Ne7 19. Ng2 Qc7 20. Ne3 Qxc6 21. Qc2 a4 22.
f4 exf4 23. Rxf4 Bd4 24. Rbf1 f5 25. Bc1 Rae8 26. Qg2 Qa8 27. Kh1 Bxe3 28. Bxe3
Nd5 29. exd5 Rxe3 30. g4 Rxd3 31. gxf5 Rxf5 32. Rg1 Rg5 33. Qe4 Qxd5 34. Qxd5
Rxg1+ 35. Kxg1 Rxd5 36. Rxa4 Rd1+ 37. Kg2 Rd2+ 38. Kg3 Rxb2 39. Ra7+ Kg8 40. a4
Rb4 41. a5 Ra4 42. Rd7 Rxa5 43. Rxd6 Kf7 44. Rc6 Ra3+ 45. Kf4 Rc3 46. Ke5 Re3+
47. Kf4 Rc3 48. Ke5 Re3+ 49. Kf4 Rh3 50. Rc7+ Ke6 51. Rxc5 g5+ 52. Kg4 Rxh2 53.
Rc6+ Kd5 54. Rc8 Rh4+ 55. Kg3 Rf4 56. Rd8+ Ke6 57. Ra8 Kf7 58. Ra6 Rf6 59. Ra7+
Kg6 60. Ra5 Rd6 61. Kg4 h5+ 62. Kg3 Rd3+ 63. Kg2 g4 64. Kh2 Rf3 65. Kg2 Rf5 66.
Ra6+ Kg5 67. Ra8 Rb5 68. Ra2 h4 69. Kh2 Rb3 70. Kg2 h3+ 71. Kh2 Kh4 72. Ra4 Rf3
73. Kg1 Kg3 74. Ra2 h2+ 0-1

[Event "Kieler Open 2019-A"]
[Site "Kiel"]
[Date "2019.07.29"]
[Round "5.1"]
[White "Carlstedt, Jonathan"]
[Black "Lanka, Zigurds"]
[Result "1/2-1/2"]
[WhiteElo "2408"]
[BlackElo "2395"]
[Annotator "PH"]
[PlyCount "43"]
[EventDate "2019.??.??"]

1. c4 g6 2. g3 Bg7 3. Bg2 d6 4. Nc3 Nf6 5. e4 c5 6. Nge2 Nc6 7. O-O h5 8. h4 a6
9. d3 Rb8 10. Bg5 Ng4 {=} 11. f3 Nge5 12. Rb1 b5 13. b3 bxc4 14. dxc4 Nd7 15.
Be3 Nf8 16. f4 Bd7 17. Qd2 Ne6 18. f5 Ned4 19. Rf2 Qa5 20. fxg6 Nxe2+ 21. Nxe2
fxg6 22. Qd5 1/2-1/2

[Event "Kieler Open 2019-A"]
[Site "Kiel"]
[Date "2019.07.29"]
[Round "5.2"]
[White "Legky, Nikolay A"]
[Black "Braun, Georg"]
[Result "1/2-1/2"]
[WhiteElo "2397"]
[BlackElo "2307"]
[Annotator "PH"]
[PlyCount "189"]
[EventDate "2019.??.??"]

1. d4 Nf6 2. c4 c5 3. d5 b5 4. cxb5 a6 5. bxa6 g6 6. Nc3 Bg7 7. e4 O-O 8. a7
Rxa7 9. Nf3 d6 10. Be2 Na6 11. O-O Nc7 12. Bf4 Ba6 13. Re1 Qa8 14. Qc2 Rb8 15.
Rab1 Bxe2 16. Rxe2 Nb5 17. Nxb5 Rxb5 18. b3 Rb4 19. Bc1 Rb6 20. a3 Rab7 21. Nd2
Qb8 22. Re3 Rb5 23. a4 R5b6 24. Nc4 Ra6 25. a5 Ng4 26. Re1 Bd4 27. Re2 Qe8 28.
h3 Nf6 29. Bd2 Nd7 30. Ree1 Qb8 31. Qd3 Bf6 32. f4 Ra8 33. Kh1 Bg7 34. Re3 Bd4
35. Rf3 Bg7 36. Re1 Qc7 37. Qe2 Qb8 38. Qd3 Qc7 39. Rfe3 Bd4 40. R3e2 Rab8 41.
Rb1 Bg7 42. Be1 Bh6 43. Bg3 Nf6 44. Bh2 Qd8 45. g4 Bg7 46. g5 Ne8 47. f5 Bd4
48. h4 Rb4 49. Bf4 Ng7 50. Bd2 R4b7 51. Qf3 Nh5 52. e5 dxe5 53. Nxe5 Bxe5 54.
Rxe5 Qd6 55. Re3 Rd8 56. Bc3 Qxd5 57. Qxd5 Rxd5 58. f6 exf6 59. gxf6 Rb8 60.
Rbe1 Rdd8 61. a6 h6 62. a7 Ra8 63. Ra1 Nf4 64. Be5 Ne6 65. Bb8 g5 66. Ra6 gxh4
67. Re4 Rdxb8 68. axb8=Q+ Rxb8 69. Rg4+ Kh7 70. Ra3 Ng5 71. Rxh4 Kg6 72. Rf4
Ne6 73. Rf2 Rb7 74. Kh2 Nd4 75. Ra1 Ne6 76. Rg1+ Ng5 77. Rg3 Rb6 78. Rc2 Rb5
79. Rf2 Rb4 80. Rd3 c4 81. bxc4 Rxc4 82. Rd8 Rc6 83. Rg8+ Kh7 84. Rg7+ Kh8 85.
Rf5 Rc8 86. Kg2 Rg8 87. Rxg8+ Kxg8 88. Kg3 Kh7 89. Kf4 Kg6 90. Ke5 h5 91. Rf4
h4 92. Rg4 h3 93. Kf4 h2 94. Rh4 Ne6+ 95. Kg4 1/2-1/2

[Event "Kieler Open 2019-A"]
[Site "Kiel"]
[Date "2019.07.29"]
[Round "5.3"]
[White "Simantsev, Mikhail"]
[Black "Köllner, Ruben Gideon"]
[Result "1-0"]
[WhiteElo "2346"]
[BlackElo "2315"]
[Annotator "PH"]
[PlyCount "81"]
[EventDate "2019.??.??"]

1. d4 Nf6 2. c4 d6 3. Nf3 g6 4. Nc3 Bf5 5. Qb3 Qc8 6. h3 Bg7 7. g4 Bd7 8. e4
O-O 9. Be3 c5 10. dxc5 Bc6 11. Nd2 Na6 12. cxd6 exd6 13. Bg2 Nd7 14. O-O Ndc5
15. Qa3 Nd3 16. Nd5 Bxd5 17. Qxd3 Be6 18. f4 f5 19. exf5 gxf5 20. g5 Nb4 21.
Qb3 Nc6 22. Rac1 Re8 23. Rfe1 Qd7 24. Bd5 Qf7 25. Nf3 Rac8 26. Bf2 a6 27. Rxe6
Rxe6 28. Re1 Nd8 29. c5 dxc5 30. Bxe6 Nxe6 31. Rxe6 c4 32. Qe3 Bxb2 33. g6 hxg6
34. Ng5 Qd7 35. Rxg6+ Kh8 36. Qe2 Bg7 37. Qh5+ Kg8 38. Qh7+ Kf8 39. Ne6+ Kf7
40. Qxg7+ Ke8 41. Qf8# 1-0

[Event "Kieler Open 2019-A"]
[Site "Kiel"]
[Date "2019.07.29"]
[Round "5.4"]
[White "Voloshin, Leonid"]
[Black "Horn, Peter"]
[Result "1-0"]
[WhiteElo "2376"]
[BlackElo "2137"]
[Annotator "PH"]
[PlyCount "31"]
[EventDate "2019.??.??"]

1. d4 f5 2. c4 Nf6 3. Nc3 d6 4. Nf3 g6 5. g3 Bg7 6. Bg2 O-O 7. O-O c6 8. Qc2
Na6 9. a3 Qe8 10. Re1 e5 11. dxe5 dxe5 12. e4 fxe4 13. Ng5 Nc5 14. Be3 Nd3 15.
Re2 Ng4 16. Ngxe4 1-0

[Event "Kieler Open 2019-A"]
[Site "Kiel"]
[Date "2019.07.29"]
[Round "5.5"]
[White "Rendboe, John Filip"]
[Black "Melamed, Tatjana"]
[Result "0-1"]
[WhiteElo "2136"]
[BlackElo "2351"]
[Annotator "PH"]
[PlyCount "118"]
[EventDate "2019.??.??"]

1. c4 Nf6 2. Nc3 e6 3. d4 Bb4 4. e3 O-O 5. Bd3 d5 6. Nf3 c5 7. O-O Nc6 8. a3
Bxc3 9. bxc3 dxc4 10. Bxc4 Qc7 11. Be2 Rd8 12. Qc2 e5 13. dxe5 Nxe5 14. e4 Bg4
15. Bg5 Bxf3 16. Bxf3 Nxf3+ 17. gxf3 Qc6 18. Rad1 h6 19. Bh4 Re8 20. Bg3 Rad8
21. Rd2 Nh7 22. h4 Qf6 23. Kg2 Rxd2 24. Qxd2 Rd8 25. Qe3 b6 26. a4 c4 27. Rc1
Nf8 28. Qf4 Ne6 29. Qxf6 gxf6 30. a5 b5 31. a6 Nc5 32. Rb1 Nb3 33. Bf4 h5 34.
Be3 Rd6 35. Bxa7 Rxa6 36. Be3 Rd6 37. Rb2 Rd3 38. Rc2 Kf8 39. Kg3 Ke7 40. Kf4
Ke6 41. Bb6 Nd2 42. Be3 Nb1 43. Bd4 b4 44. Rb2 Nxc3 45. Bxc3 bxc3 46. Rb4 Rd4
47. Rb6+ Kd7 48. Rb1 c2 49. Rc1 Rd2 50. Kf5 Kd6 51. Kxf6 Kc5 52. Kxf7 Kd4 53.
e5 Kxe5 54. Kg6 Kd4 55. f4 Kd3 56. Kxh5 Rd1 57. Rxc2 Kxc2 58. f5 c3 59. f6 Kb3
0-1